Statystyki dla Sąsiedzi sąsiadów Czarnogóry.

Kliknij tutaj aby rozwiązać quiz!

Ogólne statystyki

  • Ten quiz został rozwiązany 52 razy
  • Średni wynik to 5 z 6

Statystyki odpowiedzi

Odpowiedź% Poprawnych
2.Grecja
94%
1.Bułgaria
92%
4.Rumunia
92%
6.Węgry
90%
5Słowenia
88%
3.Macedonia Północna
81%

Rozkład punktacji

Percentyl według liczby udzielonych odpowiedzi

Procent ludzi z każdym wynikiem

Twoja historia wyników

Nie rozwiązałeś tego quizu